000 00785nam a22002297a 4500
005 20250304151324.0
010 _aDEC24SC ENG-142960 ENG-143631 ENG-143958
020 _a9789359309774
_c795.00
035 _aEN-126492
035 _aEN-127490
035 _aEN-127163
037 _bDBAD
082 _a380.1
_21
100 _aChaturvedi ,Mukesh
_979254
245 _aMarketing:
_bA New Age Perspective/
_cBy Mukesh Chaturvedi [and] A.V Shukla
250 _a1
260 _aNew Delhi
_bS Chand and Company Limited
_c2024
270 _a A-27, 2nd Floor, Mohan Co-operative Industrial Estate
_bNew Delhi
_e110044
_minfo@schandpublishing.com
_k011-49731800
300 _a516p.
_c26cm(pb)
700 _aShukla, A.V
_eAuthor
_975030
942 _2ddc
_cEN
_h380.1
_mCHA
_e1
999 _c207622
_d207622